| 000 | 00440nam a2200145 i 4500 | ||
|---|---|---|---|
| 001 | 61117 | ||
| 003 | ES-MaACL | ||
| 007 | t| | ||
| 008 | 031110s1966 sp ||||1| spa d | ||
| 245 | 0 | 0 | _aEvaluación de la integración económica en Centroamérica. |
| 260 |
_a[S.l.] : _bNaciones Unidas, Consejo Económico y Social, _c1966. |
||
| 300 |
_aIX, 144 p. ; _c28 cm. |
||
| 500 | _aEjemplar multicopista. | ||
| 852 |
_aES-MaACL _jE-8238 _bR.92813 |
||
| 999 |
_c61117 _d61117 |
||